Kkd standings 23/24 - Statistics

General Stats
  • This quiz has been taken 40 times
  • The average score is 16 of 20
Answer Stats
Hint Answer Points % Correct
15 Jong Ajax 40
93%
16 Jong PSV 40
93%
10 Jong AZ 56
89%
1. Willem II 79
89%
3. Roda JC 75
85%
5. ADO Den Haag 63
81%
19 FC Den Bosch 33
81%
14 FC Eindhoven 43
81%
11 Helmond Sport 51
81%
20 Jong Utrecht 26
81%
18 Top Oss 34
81%
7. FC Emmen 57
78%
2. FC Groningen 75
78%
17 Telstar 35
78%
12 VVV-Venlo 48
78%
6 De Graafschap 63
74%
4. FC Dordrecht 69
74%
9 MVV Maastricht 56
74%
13 SC Cambuur 47
74%
8 NAC Breda 56
67%
No matching quizzes found
Score Distribution
Percent of People with Each Score
Percentile by Number Answered
Your Score History
You have not taken this quiz